Normal view
MARC view
- United States government systems
Entry Topical Term
001 - CONTROL NUMBER
- control field: 105224
003 - CONTROL NUMBER IDENTIFIER
- control field: NUST
005 - DATE AND TIME OF LATEST TRANSACTION
- control field: 20221219153439.0
008 - FIXED-LENGTH DATA ELEMENTS
- fixed length control field: 221219|| aca||aabn | a|a d
040 ## - CATALOGING SOURCE
- Original cataloging agency: NUST
- Transcribing agency: NUST
150 ## - HEADING--TOPICAL TERM
- Topical term or geographic name entry element: United States government systems
670 ## - SOURCE DATA FOUND
- Source citation: Work cat.: (NUST)184583: Munro, William B. 66515, The government of the United States /, 2007
